Odgadnij kraj po świątyni - Statystyki

Ogólne statystyki
  • Ten quiz został rozwiązany 108 razy
  • Średni wynik to 13 z 17
Statystyki odpowiedzi
Obrazkowy Odpowiedź % Poprawnych
Polska
100%
Rosja
98%
Francja
96%
Japonia
95%
Niemcy
93%
Hiszpania
92%
Włochy
91%
Indie
90%
Wielka Brytania
86%
Turcja
79%
Tajlandia
70%
Stany Zjednoczone
66%
Arabia Saudyjska
62%
Meksyk
44%
Ukraina
43%
Izrael
41%
China
5%
Nie znaleziono quizów pasujących do podanych kryteriów
Rozkład punktacji
Procent ludzi z każdym wynikiem
Percentyl według liczby udzielonych odpowiedzi
Twoja historia wyników
Nie rozwiązałeś tego quizu